Stars du cinéma - Acteurs - Surnoms - Statistiques

Statistiques générales
  • Ce quiz a été pris 31 fois
  • Le résultat moyen est 4 sur 13
Statistiques - réponses
HINT ANSWER % Correct
"The Tramp", "Charlot" Charlie Chaplin,Charles Spencer Chaplin
90%
"Bogey", "Bogie" Humphrey DeForest Bogart|Humphrey Bogart
41%
"l'homme qui ne rit jamais" Buster Keaton
38%
"The Duke" John Wayne|Marion Robert Morrison
38%
"Spence" Spencer Tracy
38%
"Coop'" Gary Cooper
34%
"Mitch" Robert Mitchum
31%
"Mister Mumbles" Marlon Brando
21%
"The King of Hollywood" Clark Gable
14%
"Jimmy" Jimmy Stewart,James Maitland Stewart
14%
"Izzy" Kirk Douglas| Issur Danielovitch Demsky
10%
"Mr. Muscles and Teeth" Burt Lancaster
7%
"L'opposant professionnel" James Cagney
3%
Aucun quiz correspondant
Distribution des résultats
% des personnes avec chaque résultat
Percentile par nombre de réponses
Votre historique - résultats
Vous n’avez pas pris ce quiz